[Event "Robecchetto op-B 20th"]
[Site "Robecchetto"]
[Date "2009.12.30"]
[Round "6"]
[White "Pennati, Roberto"]
[Black "Vuckovic, Dimitrije"]
[Result "1-0"]
[WhiteElo "1697"]
[BlackElo "1545"]
[PlyCount "81"]
[EventDate "2009.12.27"]
[EventType "swiss"]
[EventRounds "6"]
[EventCountry "ITA"]
[SourceTitle "EXT 2023"]
[Source "ChessBase"]
[SourceDate "2022.10.05"]
[SourceVersion "1"]
[SourceVersionDate "2022.10.05"]
[SourceQuality "1"]

1. c4 g6 2. g3 Bg7 3. Bg2 Nf6 4. d4 d5 5. Nc3 c6 6. b3 0-0 7. Nf3 Nfd7 8. 0-0 a6 9. Bg5 Re8 10. Qc2 Qc7 11. Rac1 e6 12. Qd2 e5 13. cxd5 c5 14. dxe5 Nxe5 15. Nxe5 Qxe5 16. Bf4 Qf5 17. Rfe1 h5 18. e4 Qd7 19. Na4 Qe7 20. Bg5 Qe5 21. Nxc5 b6 22. Na4 Nd7 23. Be3 b5 24. Nc5 Qb8 25. Bf4 Qb6 26. b4 Ne5 27. Bxe5 Rxe5 28. d6 Ra7 29. d7 Qd8 30. dxc8Q Qxc8 31. Red1 Kh7 32. Qd8 Qg4 33. f3 Qg5 34. Qxg5 Rxg5 35. f4 Rxc5 36. bxc5 Rc7 37. c6 b4 38. Rd7 Rc8 39. e5 Kg8 40. c7 Bf8 41. Rd8 1-0

[Event "Bratto op-B 27th"]
[Site "Bratto"]
[Date "2007.08.31"]
[Round "8"]
[White "Pennati, Roberto"]
[Black "Vocaturo, Ilaria"]
[Result "1/2-1/2"]
[WhiteElo "1777"]
[BlackElo "1698"]
[PlyCount "87"]
[EventDate "2007.08.24"]
[EventType "swiss"]
[EventRounds "8"]
[EventCountry "ITA"]
[SourceTitle "CBM 120 Extra"]
[Source "ChessBase"]
[SourceDate "2007.11.01"]
[SourceVersion "1"]
[SourceVersionDate "2007.11.01"]
[SourceQuality "1"]

1. c4 e5 2. Nc3 Nc6 3. g3 Bc5 4. Bg2 d6 5. a3 a6 6. b4 Ba7 7. e3 Be6 8. d3 f5 9. Nge2 Nf6 10. Bb2 0-0 11. 0-0 Qe8 12. Nd5 Qf7 13. Nxf6+ Qxf6 14. Nf4 Qh6 15. Nxe6 Rfc8 16. c5 Qxe6 17. d4 exd4 18. exd4 d5 19. Re1 Qd7 20. Bc1 Re8 21. Be3 Rad8 22. Qb3 Kh8 23. a4 Ne7 24. Bg5 c6 25. b5 axb5 26. axb5 Bb8 27. bxc6 bxc6 28. Rab1 h6 29. Bxe7 Rxe7 30. Rxe7 Qxe7 31. Qb7 Qxb7 32. Rxb7 Kg8 33. f4 g5 34. fxg5 hxg5 35. Kf2 Re8 36. Bf1 Kf8 37. Bd3 f4 38. Bf5 Kg8 39. Bd7 Rf8 40. g4 f3 41. h3 Bg3+ 42. Kf1 Ra8 43. Rb1 Ra2 44. Bxc6 1/2-1/2